Statistics for Districts of Nepal Map Quiz

Click here to take the quiz!

General Stats

  • This quiz has been taken 1,441 times
  • The average score is 44 of 75

Answers on the Map

Answers color-coded by a green-red scale on the quiz's map according to % correct below.
 

Answer Stats

District% Correct
Kathmandu
93%
Bhaktapur
80%
Lalitpur
79%
Jhapa
77%
Chitwan
74%
Dolpa
74%
Gorkha
74%
Mustang
74%
Ilam
73%
Kaski
72%
Humla
70%
Manang
70%
Jumla
68%
Morang
68%
Taplejung
66%
Bara
65%
Nuwakot
65%
Rolpa
65%
Solukhumbu
65%
Rasuwa
64%
Parsa
63%
Dhading
62%
Palpa
62%
Banke
61%
Rukum
60%
Bardiya
59%
Dang
59%
Kailali
59%
Parbat
59%
Mugu
58%
Saptari
58%
Sunsari
58%
Doti
57%
Kavrepalanchok
57%
Makwanpur
57%
Sindhuli
57%
Sindhupalchok
57%
Siraha
57%
Baglung
56%
Dolakha
56%
Lamjung
56%
Baitadi
55%
Kanchanpur
55%
Kapilvastu
55%
Nawalparasi
55%
Panchtar
55%
Tanahu
55%
Bhojpur
54%
Sarlahi
54%
Surkhet
53%
Dadeldhura
52%
Darchula
52%
Dhankuta
52%
Kalikot
52%
Ramechhap
52%
Sankhuwasabha
51%
Achham
50%
Bajhang
50%
Khotang
50%
Rautahat
50%
Rupandehi
50%
Bajura
49%
Gulmi
49%
Okhaldhunga
49%
Syangja
49%
Udayapur
49%
Jajarkot
48%
Mahottari
46%
Myagdi
46%
Dhanusa
45%
Salyan
44%
Arghakhanchi
43%
Dailekh
43%
Pyuthan
43%
Terhathum
43%

Score Distribution

Percentile by Number Answered

Percent of People with Each Score

Your Score History

You have not taken this quiz